Wasserball: Medaillengewinner bei Olympia - Statistiken

Allgemein
  • Dieses Quiz wurde 77 mal gespielt
  • Das Durchschnittsergebnis liegt bei 12 aus 15
Antwortstatistiken
Gold Silber Bronze Nation % Korrekt
1x 1x - Spanien
97%
1x 2x 1x Deutsches Reich/Deutschland
96%
- 3x 4x USA
96%
3x 2x 3x Italien
91%
2x 3x 5x Sowjetunion/Russland
91%
1x 3x - Kroatien
86%
3x 1x 2x Serbien/Serbien&Montenegro
86%
9x 3x 4x Ungarn
83%
1x - 2x Frankreich
80%
- 1x - Griechenland
77%
3x 4x 1x Jugoslawien
71%
- - 1x Niederlande
67%
- 4x 2x Belgien
57%
4x - - Großbritannien
55%
- 1x 2x Schweden
51%
Keine übereinstimmenden Quizze gefunden
Verteilung der Resultate
Anzahl Personen mit jedem Resultat
Perzentil nach korrekt beantworteten Fragen
Ihre Resultats-Entwicklung
Sie haben dieses Quiz noch nicht gespielt